000 01091nam a22003257a 4500
003 CHAP
005 20220329141152.0
008 971010s1941 r 00010 d
010 _a63774
011 _a64746
035 _a70856
040 _cCHAP
090 _aTesis
100 0 0 _aAlonso Trejo, Luis.
_94609
245 1 _aEstudio económico social agropecuario del estado de Sinaloa
260 _aChapingo, Méx. :
_bEl autor,
_c1941
300 _a123 h. ilus.
502 _aTesis (Ingeniero Agrónomo Esp. en Ganadería) -- ENA. Departamento de Zootecnia
590 _aALEPH
_b10
_c20130110
_lUCH01
_h1346
590 _aBATCH-UPD
_b10
_c20130110
_lUCH01
_h0653
590 _aBATCH-UPD
_b10
_c20130410
_lUCH01
_h0338
590 _aBATCH-UPD
_b10
_c20130914
_lUCH01
_h0245
590 _aCONVERSION
_b10
_c20130109
_lUCH01
_h1334
650 1 4 _aAgricultura
_xAspectos economicos
_xSinaloa.
_91292
650 1 4 _aGanadería
_xAspectos económicos
_xSinaloa.
_944645
901 _aBK
942 _cFOLL
949 _bBC
_cTES
_d-59865
_eTS1
_i70856
_si
949 _bBC
_cTES
_d-59866
_eTS2
_fc.2
_i70856
_si
999 _c63774
_d63774